000 00361nam a2200133Ia 4500
003 GCL
008 140319s9999 xx 000 0 ara d
040 _aGCL /
_cGCL
082 0 4 _a892.76
_bن ج
245 1 0 _aالطريق (بالهولندية)
260 _a[S.N] :
_bالجامعة الامريكية بالقاهرة ،
_c1989
300 _a174 ص
490 _a
999 _c33490
_d33490